Správa o 35. schôdzi Národnej rady Slovenskej republiky IV. volebné obdobie : 9. rokovací deň - 29. apríla 2009 [IV. časť]

Bibliographic Details
Corporate Author: Slovensko. Národná rada (Author)
Format: Book
Language:Slovak
PhysicalDescription:S. 889-1003, [214] s. príl. 21 cm
Published: Bratislava Organizačný odbor Kancelárie Národnej rady SR 2009
Edition:[1. vyd.]
Subjects:

MARC

LEADER 00000cam a2200000 a 4500
001 vtls010027984
003 SK-MaSNL
005 20260425225834.0
008 160114s2009 xo f 000 0 slo
015 |a SNBI2010/01-00417 
035 |a D3BEEB78-0013-44CC-9474-3EF9B9DF84BE 
035 |a urn:nbn:sk:snk-amk1qs 
035 |a urn:nbn:sk:snk-am00864x 
040 |a SNK  |b slo  |c SNK  |e AACR2 
041 0 |a slo 
043 |a e-xo--- 
044 |a xo  |c SK 
072 7 |a 328  |x Zastupiteľské orgány. Vlády  |2 konspekt 
080 |a 328.1  |2 2001 
080 |a (437.6)  |2 2001 
080 |a (055)  |2 2001 
110 1 |a Slovensko.  |b Národná rada  |4 aut  |9 165573 
245 1 0 |a Správa o 35. schôdzi Národnej rady Slovenskej republiky  |b IV. volebné obdobie : 9. rokovací deň - 29. apríla 2009  |n [IV. časť] 
250 |a [1. vyd.] 
260 |a Bratislava  |b Organizačný odbor Kancelárie Národnej rady SR  |c 2009 
300 |a S. 889-1003, [214] s. príl.  |c 21 cm 
366 |e 35 výt. 
500 |a Názov z obalu 
610 1 7 |a Slovensko.  |b Národná rada  |2 SNKKA  |9 165573 
648 7 |a 29.4.2009  |2 SNKPH  |9 410134 
650 0 7 |a zasadania  |2 SNKPH  |9 284751 
651 7 |a Bratislava (Slovensko)  |2 SNKPH  |9 14568 
655 7 |a uznesenia  |2 SNKPH  |9 70216 
655 7 |a stenografické správy  |2 SNKPH  |9 284752 
852 |a Štátna vedecká knižnica v Banskej Bystrici 
999 |c 660370  |d 662300 
952 |a SNK  |b SNK  |y PREZ  |7 0  |p 17A0637738  |o snkSC 138195/4  |i snk2009/21776  |8 0  |0 0  |1 0  |4 0  |d 2009-12-04  |l 0  |r 2017-06-30 00:00:00  |w 2026-02-23 
952 |a SNK  |b SNK  |y VYP  |7 0  |p 17A0637739  |o snkSC 138195/4 D1  |i snk2009/21778  |8 0  |0 0  |1 0  |4 0  |d 2009-12-04  |f 1  |l 0  |r 2026-02-23 18:51:44  |w 2026-02-23